| 000 | 00579nam a2200205Ia 4500 | ||
|---|---|---|---|
| 005 | 20260429111908.0 | ||
| 008 | 260429s9999||||xx |||||||||||||| ||und|| | ||
| 020 | _a9789389183887 | ||
| 041 | _aEnglish | ||
| 082 |
_a659 _bAHA |
||
| 100 | _aAhamad, Fardeen | ||
| 245 | 0 |
_aAdvertising and promotion : _ban integrated marketing communications / _cFardeen Ahamad |
|
| 260 |
_aNew Delhi : _bBio Green Books, _c2024. |
||
| 300 | _ax, 198 p.; hb | ||
| 650 | _a Advertising | ||
| 650 | _a Promotion | ||
| 650 | _aMarketing management | ||
| 700 | _a Ahamad, Zahra | ||
| 942 | _cTB | ||
| 999 |
_c51315 _d51315 |
||